000 00285nam a2200121Ia 4500
008 190216s9999||||xx |||||||||||||| ||und||
100 _aDevi Prasad
245 0 _aElementary Linear Algebra
260 _bNarosa Pubs House
_c2006
300 _a113
650 _aMathematics
942 _cBK
999 _c32285
_d32285